| 000 | 00960nam0a22002771 4500 | ||
|---|---|---|---|
| 001 | rc\2775738 | ||
| 005 | 20250806204755.0 | ||
| 035 | _a(NLR Aleph) 006902028 | ||
| 090 |
_a15722 _c15722 |
||
| 100 | _a20110915d1941 u y0rusy50 ca | ||
| 101 | 0 | _arus | |
| 102 | _aRU | ||
| 105 | _ay z ||||| | ||
| 200 | 1 |
_aАфриканское просо. (Новая кормовая культура) _fСталингр. обл. опыт. станция по животноводству |
|
| 210 |
_aСталинград _cОбл. кн-во _d1941 |
||
| 215 |
_a28 с. _d14 см. |
||
| 320 | _aБиблиогр.: с. 27 | ||
| 517 | 0 | _aНовая кормовая культура | |
| 700 | 1 |
_aКлюкин _bП.В. _gПетр Викторович |
|
| 801 | 0 |
_aRU _bNLR _gpsbo |
|
| 801 | 1 |
_aRU _bELAR _2rusmarc |
|
| 852 |
_aNLR _jС50 Г-2/22 |
||
| 942 | _cBOOK | ||
| 945 | _aРоссийская национальная библиотека | ||
| 980 | _aNB | ||
| 980 | _aBV | ||